Movies Quiz

Random Movies Quiz

The League of Evil Exes (Scott Pilgrim) Quiz Stats

 Plays Quiz not verified by Sporcle

Also try: Movie by Alien
Challenge
Share
Tweet
Embed
Score 0/7 Timer 04:00
0 Plays Today
% Correct
Gideon Gordon Graves
91.1%
Matthew Patel
89.3%
Todd Ingram
83%
Roxanne Richter
80.2%
Lucas Lee
79.6%
Shota Saito
34.6%
Keita Saito
34.4%

You're not logged in!

Compare scores with friends on all Sporcle quizzes.
Join for Free
OR
Log In

You Might Also Like...

Show Comments

Extras

Top Quizzes Today


Score Distribution

Your Account Isn't Verified!

In order to create a playlist on Sporcle, you need to verify the email address you used during registration. Go to your Sporcle Settings to finish the process.

Report this User

Report this user for behavior that violates our Community Guidelines.

Details: